Mikroekonomie pro bakalářské studium : cvičebnice /

Hlavní autor: Dohnalová, Zuzana, 1966-
Korporativní autor: Univerzita Tomáše Bati ve Zlíně. Fakulta managementu a ekonomiky
Další autoři: Dobeš, Kamil, 1978-
Jazyk: Čeština
Vydáno: Zlín : Univerzita Tomáše Bati, 2003
Vydání: Vyd. 1.
Témata:
Externí odkaz: Digitalizovaný dokument
Fyzický popis: 86 s. : il. ; 30 cm
Knihy
Uloženo v:
LEADER 01587nam a2200397 a 4500
001 000701206
003 CZ BrMZK
005 20050119124918.0
007 ta
008 031219s2003 xr a e p 000 0 cze d
015 |a cnb001290850 
020 |a 80-7318-156-8  |q (brož.) 
035 |a (OCoLC)56873259 
040 |a BOA001  |b cze 
072 7 |a 33  |x Ekonomie  |2 Konspekt  |9 4 
072 7 |a 37.016  |x Učební osnovy. Vyučovací předměty. Učebnice  |2 Konspekt  |9 22 
080 |a 330.101.542  |2 MRF 
080 |a (075.8)  |2 MRF 
080 |a (076.5)  |2 MRF 
100 1 |a Dohnalová, Zuzana,  |d 1966-  |7 mzk2003169996  |4 aut 
245 1 0 |a Mikroekonomie pro bakalářské studium :  |b cvičebnice /  |c Zuzana Dohnalová, Kamil Dobeš 
250 |a Vyd. 1. 
260 |a Zlín :  |b Univerzita Tomáše Bati,  |c 2003 
300 |a 86 s. :  |b il. ;  |c 30 cm 
500 |a Nad názvem: Univerzita Tomáše Bati ve Zlíně. Fakulta managementu a ekonomiky 
500 |a 200 výt. 
504 |a Obsahuje bibliografii 
650 0 7 |a mikroekonomie  |7 ph115305  |2 czenas 
655 7 |a učebnice vysokých škol  |7 fd133772  |2 czenas 
655 7 |a praktická cvičení  |7 fd133118  |2 czenas 
700 1 |a Dobeš, Kamil,  |d 1978-  |7 mzk2003213147  |4 aut 
710 2 |a Univerzita Tomáše Bati ve Zlíně.  |b Fakulta managementu a ekonomiky  |7 kn20010709196 
856 4 1 |u http://www.digitalniknihovna.cz/mzk/uuid/uuid:bcc55a20-e3cc-11e2-9923-005056827e52  |y Digitalizovaný dokument  |x NDK 
910 |a BOA001  |b 3-1128.034 
990 |a BK 
996 6 |b 2610206574  |c 3-1128.034  |l MZK  |r Sklad / do 1 hodiny  |n 5  |p p.v.  |w 000701206  |u 000010  |a 1  |e BOA001  |j MZK50  |s P